Edible People Quiz Stats

 Plays Quiz Updated Sep 5, 2018

Score 0/18 Timer 05:00
5 Plays Today
Question Answer Wrong Answers
Actor best known for his role in the movie Footloose Kevin Bacon
96%
Lettuce
1.2%
Tomato
0.8%
Bread
1.1%
Character from the board game Clue Colonel Mustard
94%
Ketchup
1.4%
Mayonnaise
2%
Relish
1.9%
She was the 66th U.S. Secretary of State Condoleezza Rice
83.6%
Curry
1.3%
Salt
4.7%
Olive
4.4%
He sang 'Bat Out of Hell' Meat Loaf
82.7%
Iced Tea
2%
Ice Cube
6.2%
M&Ms
6.3%
Canadian comedian, known for his roles in Uncle Buck and Spaceballs John Candy
81.3%
Ice Cream
2.2%
Cake
4.6%
Pie
6.1%
2016 winner for Best Actress who will be Captain Marvel in 2019 Brie Larson
77.6%
Swiss
4.8%
American
4.6%
Pepper Jack
9.9%
First openly gay elected official in California Harvey Milk
76.8%
Orange Juice
4.9%
Water
3.9%
Coffee
8.6%
Character from 30 Rock Liz Lemon
76.5%
Huckleberry
7.7%
Strawberry
4.9%
Apple
7%
She is best known for dancing alongside Fred Astaire Ginger Rogers
75.3%
Clove
4.5%
Curry
9%
Vanilla
7%
Mark Twain character Huckleberry Finn
66.1%
Quince
14.5%
Kiwi
4.4%
Cherry
9%
Played a main character in a Star Wars movie Alec Guinness
64%
Leffe
9.9%
Carlsberg
12.7%
Peroni
6%
She starred with Bing Crosby in White Christmas Rosemary Clooney
63.6%
Clove
13.1%
Cinnamon
9%
Basil
11.3%
He played for the Mets, Dodgers, Giants, and Yankees Darryl Strawberry
61%
Plum
9.5%
Cherry
16.5%
Melon
8%
He plays for the Golden State Warriors Steph Curry
60.7%
Oats
11.5%
Bean
9.8%
Pepper
13.2%
Iron Man's love interest Pepper Potts
57.5%
Vanilla
5.9%
Cinnamon
6.3%
Honey
23.9%
She wrote and sang 'Criminal' Fiona Apple
52.9%
Orange
4.3%
Pear
7.2%
Peach
30.3%
She starred in Who's the Boss? and Melrose Place Alyssa Milano
47.8%
Bordeaux
10.9%
Eclair
17.4%
Geneva
17.6%
Film producer, most known for the early James Bond movies Albert 'Cubby' Broccoli
41.3%
Bean
39%
Cucumber
4.4%
Pumpkin
8.4%

You're not logged in!

Compare scores with friends on all Sporcle quizzes.
OR
Log In

Show Comments

Extras

Top Quizzes Today


Score Distribution

Your Account Isn't Verified!

In order to create a playlist on Sporcle, you need to verify the email address you used during registration. Go to your Sporcle Settings to finish the process.

Report this User

Report this user for behavior that violates our Community Guidelines.

Details: